Viva Chicano / (Record no. 588599)

000 -LEADER
fixed length control field 00920cam a2200301 4500
001 - CONTROL NUMBER
control field 833289
003 - CONTROL NUMBER IDENTIFIER
control field NUST
005 - DATE AND TIME OF LATEST TRANSACTION
control field 20220306104809.0
008 - FIXED-LENGTH DATA ELEMENTS--GENERAL INFORMATION
fixed length control field 700625s1970 nyu j 000 1 eng
010 ## - LIBRARY OF CONGRESS CONTROL NUMBER
LC control number 77081715
038 ## - RECORD CONTENT LICENSOR
Staff Name waseem
040 ## - CATALOGING SOURCE
Original cataloging agency DLC
Transcribing agency DLC
Modifying agency DLC
042 ## - AUTHENTICATION CODE
Authentication code lcac
050 00 - LIBRARY OF CONGRESS CALL NUMBER
Classification number PZ7.B6415
Item number Vi
082 00 - DEWEY DECIMAL CLASSIFICATION NUMBER
Classification number 813.54
Author Mark BON
100 1# - MAIN ENTRY--PERSONAL NAME
Personal name Bonham, Frank.
9 (RLIN) 90313
245 10 - TITLE STATEMENT
Title Viva Chicano /
Statement of responsibility, etc. Viva Bonham
250 ## - EDITION STATEMENT
Edition statement [1st ed.]
260 ## - PUBLICATION, DISTRIBUTION, ETC.
Place of publication, distribution, etc. New York,
Name of publisher, distributor, etc. E. P. Dutton
Date of publication, distribution, etc. 1970.
300 ## - PHYSICAL DESCRIPTION
Extent viii, 179 p.
Dimensions 21 cm.
350 ## - PRICE (NR) (BK AM CF MU VM SE) [OBSOLETE]
Price 4.50
520 ## - SUMMARY, ETC.
Summary, etc. Keeny, a Mexican-American on parole, feels he must not return to the atmosphere of his home and neighborhood and devises a solution to the problem.
563 ## - BINDING INFORMATION
Binding note HBK.
650 #1 - SUBJECT ADDED ENTRY--TOPICAL TERM
Topical term or geographic name entry element Mexican Americans
General subdivision Fiction.
9 (RLIN) 90314
650 #1 - SUBJECT ADDED ENTRY--TOPICAL TERM
Topical term or geographic name entry element Juvenile delinquency
General subdivision Fiction.
9 (RLIN) 90315
906 ## - LOCAL DATA ELEMENT F, LDF (RLIN)
a 7
b cbc
c orignew
d u
e ncip
f 19
g y-gencatlg
942 ## - ADDED ENTRY ELEMENTS (KOHA)
Source of classification or shelving scheme
Koha item type Book
Holdings
Withdrawn status Lost status Source of classification or shelving scheme Damaged status Not for loan Permanent Location Current Location Shelving location Date acquired Source of acquisition Total Checkouts Full call number Barcode Date last seen Price effective from Koha item type
          Central Library (CL) Central Library (CL) Fiction 03/06/2022 Donated by Student Affairs NUST   813.54 BON CL-D-1503 03/06/2022 03/06/2022 Book
© 2023 Central Library, National University of Sciences and Technology. All Rights Reserved.